Vocal Communication in Birds (Record no. 595288)

MARC details
000 -LEADER
fixed length control field 00394nam a2200145Ia 4500
008 - FIXED-LENGTH DATA ELEMENTS--GENERAL INFORMATION
fixed length control field 100415s9999 xx 000 0 und d
082 ## - DEWEY DECIMAL CLASSIFICATION NUMBER
Item number 12371
Classification number 598.259
100 ## - MAIN ENTRY--PERSONAL NAME
Personal name Catchpole Clive K
245 ## - TITLE STATEMENT
Title Vocal Communication in Birds
260 ## - PUBLICATION, DISTRIBUTION, ETC. (IMPRINT)
Place of publication, distribution, etc LONDON
Date of publication, distribution, etc 1979
Name of publisher, distributor, etc EDWARD ARNOLD
365 ## - TRADE PRICE
Price amount 0
630 ## - SUBJECT ADDED ENTRY--UNIFORM TITLE
Uniform title Vocal Communication in Birds
730 ## - ADDED ENTRY--UNIFORM TITLE
Uniform title Vocal Communication in Birds
942 ## - ADDED ENTRY ELEMENTS (KOHA)
Koha item type Book
Holdings
Withdrawn status Lost status Damaged status Not for loan Home library Current library Date acquired Cost, normal purchase price Total Checkouts Full call number Barcode Date last seen Price effective from Koha item type
        Bombay Natural History Society Bombay Natural History Society 03/18/1998 0.00   598.259 12371 BNHS-12371 04/15/2010 04/15/2010 Book